| 000 | 01040nam0a22003011 4500 | ||
|---|---|---|---|
| 001 | RU\NLR\A1SV\97936 | ||
| 005 | 20260407071632.0 | ||
| 035 | _a(NLR Aleph) 009779289 | ||
| 090 |
_a10088811 _c10088811 |
||
| 100 | _a20091008d1925 u y0rusy50 ca | ||
| 101 | 0 | _arus | |
| 102 | _aRU | ||
| 200 | 1 |
_aКак вырастить хорошую корову _fА.Орлов |
|
| 210 |
_a[М.] _cНовая Москва _d1925 |
||
| 215 |
_a20 с. _d17 см |
||
| 225 |
_aБ-ка с.-х. кружка молодежи _fПод общ. ред. МК РЛКСМ _iСер. "Животноводство" _v№ 4 |
||
| 300 | _aНа обл. авт. не указан | ||
| 320 | _aБиблиогр.: с.20 | ||
| 620 | _dМосква | ||
| 700 | 1 |
_7ca _8rus _aОрлов _bА. А. _cветеринар _f1873-1945 _gАлексей Арсеньевич _3RU\NLR\AUTH\770286728 _92686189 |
|
| 801 | 0 |
_aRU _bNLR _c20091008 |
|
| 852 |
_aNLR _j90/644 |
||
| 899 | _aРГБ | ||
| 899 | _aКирОУНБ | ||
| 942 | _cBOOK | ||
| 980 | _aNB | ||
| 980 | _aA1SV | ||